000 00369cam a22001097a 4500
008 180718b1957 xxu||||| |||| 00| 0 eng d
082 _aA2:D In2
245 _aIndex to the Foreign and Political Department records, 1756-1780
_cby National Archives of India
260 _aDelhi
_bThe Manager of Publications
_c1957
300 _a548+p.
700 _aNational Archives of India
999 _c487329
_d487329